| 000 | 00808nam a22002057a 4500 | ||
|---|---|---|---|
| 005 | 20100727160449.0 | ||
| 010 | _aENG-97014 | ||
| 020 |
_a8183160727 _c550.00 |
||
| 035 | _aEN-80547 | ||
| 037 | _bDBAD/PUB | ||
| 082 | _a372.210954133 | ||
| 100 |
_aMohapatra, Damodar _93734 |
||
| 245 |
_aImpact of family environment on early childhood education / _cDamodar Mohapatra [and] Leena Mohapatra |
||
| 260 |
_aNew Delhi _bNeelkamal Publications _c2006 |
||
| 270 |
_aBG5/9B, Paschim Vihar _bNew Delhi _e110063 |
||
| 300 |
_axvi, 261. _c22cm (Hb) |
||
| 500 | _aincludes bibliographic index | ||
| 942 |
_2ddc _cEN _h372.210954133 _mMOH |
||
| 999 |
_c37978 _d37978 |
||